00202nam a2200085Ia 4500008004100000041000800041100001200049245002000061260003500081241105s9999 xx 000 0 und d aeng aShah P. aHospice At Pune bFinal Year B. Arch, BNCAc2014